| 000 | 00703nam a22002057a 4500 | ||
|---|---|---|---|
| 999 |
_c19716 _d19716 |
||
| 003 | AR-CdUCM | ||
| 008 | 190520b ||||| |||| 00| 0 eng d | ||
| 040 |
_aMUNICIPALIDAD PROVINCIAL DEL CUSCO _cBIBLIOTECA MUNICIPAL DEL CUSCO |
||
| 082 |
_a330.1 / _bR74 |
||
| 100 |
_aRoel, Virgilio _99679 |
||
| 245 | _aEstructuras económicas y sociales / | ||
| 260 |
_aLima : _bLabor, _c1975. |
||
| 300 |
_a185 páginas ; _c21 cm. |
||
| 505 | _aContenido: Generalidades -- las estructuras sociales y los sistemas -- Las estructuras demográficas y ocupaciones... | ||
| 650 |
_aCiencias sociales _91096 |
||
| 650 |
_aEconomía _9382 |
||
| 650 |
_aSociedad _953 |
||
| 942 |
_2ddc _cLIBROS |
||
| 945 |
_adavv _d2019-05-20 |
||